| 000 | 01001nam a22002537a 4500 | ||
|---|---|---|---|
| 008 | 130821s1937 cl gr spa | ||
| 040 |
_aCo-BoUCM _bspa |
||
| 041 | 0 | 0 | _aspa |
| 092 | _aFN 000300 | ||
| 100 |
_aLudwig, Emil _d1881-1948 _996174 |
||
| 245 | 0 | 3 |
_aEl Nilo _bbiografía de un rio _cEmil Ludwig, traducido por Inés Cane F |
| 260 |
_aSantiago de Chile (Chile) _bEdiciones Ercilla _c1937 |
||
| 300 | _a2. volúmenes | ||
| 500 | _aContenido: V.1: Desde la fuente hasta el Egipto. -- V.2: El Nilo y el Egipto. -- Incluye índice. -- Este libro se encuentra en el depósito de la bilioteca | ||
| 650 | 0 | 4 |
_aDescripciones y viajes _97508 |
| 650 | 0 | 4 |
_aHistoria _97695 |
| 650 | 0 | 4 |
_aRío Nilo (África) _xDescripciones y viajes _923814 |
| 650 | 0 | 4 |
_aRío Nilo (África) _xHistoria _923815 |
| 651 |
_aÁfrica Oriental _926731 |
||
| 651 |
_aÁfrica Oriental _xDescripciones y viajes _9149474 |
||
| 651 |
_aRío Nilo _927280 |
||
| 700 |
_aCane F., Inés. _eTr _9149475 |
||
| 942 |
_cLIBRO _a27 _e1 _n0 |
||
| 999 |
_c85707 _d85707 |
||